Famous People Named Jackson - Statistics

General Stats
  • This quiz has been taken 620 times
    128 since last reset
  • The average score is 9 of 18
Answer Stats
Life Hint Person % Correct
1958–2009 The King of Pop Michael Jackson
96%
1767–1845 Seventh U.S. president Andrew Jackson
89%
1966– Singer who once had an infamous Super Bowl halftime show Janet Jackson
77%
1961– Successful movie director from New Zealand who has been knighted Peter Jackson
59%
1948– The only Star Wars actor to have a purple lightsaber Samuel L. Jackson
59%
1912–1956 American painter, major figure in the abstract expressionist movement Jackson Pollock
53%
1887–1951 Baseball player associated with the Black Sox Scandal Shoeless Joe Jackson
52%
1954– Musician of "Steppin' Out" and "Is She Really Going Out with Him?" Joe Jackson
50%
Fictional Demigod hero character created by Rick Riordan Percy Jackson
50%
1824–1863 Confederate general, given his nickname at the First Battle of Bull Run Stonewall Jackson
44%
1941– American civil rights activist and minister Jesse Jackson
41%
1956– Sister of other famous Jacksons; Psychic Friends Network spokesperson La Toya Jackson
41%
1962– American athlete who played both baseball AND football Bo Jackson
38%
1975– Rapper and actor, professionally known as 50 Cent Curtis Jackson
38%
1956– Musician and American Idol judge Randy Jackson
37%
1948– American songwriter: "These Days", "The Pretender", "Take It Easy" Jackson Browne
21%
1959– American comedienne; former SNL cast member; right-wing activist Victoria Jackson
15%
1916–1965 Author of "The Lottery" and The Haunting of Hill House Shirley Jackson
14%
No matching quizzes found
Score Distribution
Percent of People with Each Score
Percentile by Number Answered
Your Score History
You have not taken this quiz since the last reset